000
00288nam a22001217a 4500
999
_c
528129
_d
528129
003
NUST
038
_a
M.Ramzan
082
_a
363.0684
_b
TWB
245
_a
Tool Kit :A guide for hiring and../
_c
The World Bank
260
_a
USA
_b
The World Bank
_c
2001
300
_a
16
_c
25cm
942
_2
ddc
_c
BK